000 00628nam a2200229 i 4500
003 DO-SdBNP
005 20230531133031.0
007 ta
008 230531b19-- dr ||||| |||| 00| 0 spa d
040 _aDO-SdBNP
_bspa
_cBNPHU
_erda
082 4 _222
100 _aCabral, Manuel
_983481
245 1 0 _aMadera sin tiempo :
_bpoema /
_cManuel Cabral
264 _aSanto Domingo :
_bs.n.
_c19--.
300 _a42 páginas :
_c22 cm.
336 _2rdacontent
_atexto
_btxt
337 _2rdamedia
_asin mediación
_bn
338 _2rdacarrier
_avolumen
_bnc
590 _aInventariado, 2023/BT
910 _aBtavárez
942 _2ddc
_cLF2
999 _c53661
_d53661